| 000 | 00730nam a22001937a 4500 | ||
|---|---|---|---|
| 999 |
_c18682 _d18682 |
||
| 003 | AR-CdUCM | ||
| 008 | 190515b ||||| |||| 00| 0 spa d | ||
| 040 |
_aMUNICIPALIDAD PROVINCIAL DEL CUSCO _cBIBLIOTECA MUNICIPAL DEL CUSCO |
||
| 082 |
_a869.552 / _bM66 |
||
| 100 |
_aMiñano, Max H. _939417 |
||
| 245 | _aDon Ricardo Plama y sus tradiciones / | ||
| 260 |
_aMéxico : _bGrijalbo, _c1945. |
||
| 300 |
_a93 páginas ; _c21 cm. |
||
| 440 |
_aBiblioteca enciclopedia popular. _939418 |
||
| 505 | _aContenido : Los caballeros de la capa -- Una aventura del virrey poeta -- Mosquita muerta -- El padre pata -- Carta de don Clemente Palma ... | ||
| 650 |
_aRicardo Palma. _923917 |
||
| 942 |
_2ddc _cLIBROS |
||
| 945 |
_arum _d2019-05-15 |
||